000 00323nam a22001217a 4500
008 160518b xxu||||| |||| 00| 0 eng d
020 _a9780130493002
020 _a0130493007
041 _aeng
080 _a618.2
245 _aFundamentals of nursing:
_cSusan Barnes; Joseann Helmes Dewitt; Dawna Martich;
942 _2udc
_cBK
999 _c2175
_d2175